الفن ومذاهبه في النثر العربي / (Record no. 5642)
[ view plain ]
| 000 -الفاتح | |
|---|---|
| حقل البيانات ثابتة الطول | 01307nac a22003251u 4500 |
| 003 - محدد رقم الضبط | |
| رقم الضبط | EG-ScBUE |
| 005 - وقت وتاريخ اخر تعامل مع التسجيلة | |
| رقم الضبط | 20211201124338.0 |
| 008 - عناصر البيانات ثابتة الطول - معلومات عامة | |
| حقل البيانات ثابتة الطول | 120826s1980 ua f b 000 0 eara d |
| 017 ## - رقم الإيداع القانونى | |
| رقم الإيداع القانونى | 1980 / 3083 |
| 020 ## - الرقم الدولى المعيارى للكتب | |
| الرقم الدولى المعيارى للكتاب | 9772477330243 |
| 040 ## - مصدر الفهرسة | |
| وكالة الفهرسة الأصلية | EG-ScBUE |
| لغة الفهرسة | ara |
| قواعد الوصف | rda |
| وكالة النسخ | EG-ScBUE |
| وكالة التعديل | EG-ScBUE |
| 082 04 - رقم تصنيف ديوى العشرى | |
| رقم التصنيف | 892.783 |
| رقم المادة | ض ي ف |
| رقم الطبعة | 22 |
| 100 1# - المدخل الرئيسى - إسم شخصى | |
| الإسم الشخصى | ضيف، شوقي، |
| التواريخ المصاحبة للاسم | 1910-2005، |
| الدور | مؤلف. |
| 9 (RLIN) | 15989 |
| 245 12 - بيان العنوان | |
| العنوان | الفن ومذاهبه في النثر العربي / |
| بيان المسئوليه,etc | تأليف الدكتور شوقي ضيف. |
| 250 ## - بيان الطبعة | |
| بيان الطبعة | الطبعة التاسعة. |
| 264 #1 - النشر، التوزيع | |
| مكان الناشر او الموزع | القاهرة : |
| اسم الناشر او الموزع | دار المعارف، |
| تاريخ النشر أو التوزيع | 1980. |
| 300 ## - الوصف المادى | |
| التعداد | 398 صفحة ؛ |
| أبعاد الوعاء | 24 سم. |
| 336 ## - نوع المحتوى | |
| source | rdacontent |
| Carrier Type Term | نص |
| Content Type Code | txt |
| 337 ## - نوع الوسيط | |
| source | rdamedia |
| Media Type Term | بدون وسيط |
| Media Type Code | n |
| 338 ## - نوع الحامل أو الناقل | |
| source | rdacarrier |
| Carrier Type Term | مجلد |
| Carrier Type Code | nc |
| 490 0# - بيان السلسلة | |
| عنوان السلسلة | مكتبة الدراسات الأدبية ؛ |
| رقم المجلد/ التعيين التسلسلي | 19 |
| 504 ## - تبصرة ببليوجرافية | |
| تبصرة ببليوجرافية,الخ | يشتمل على إرجاعات ببليوجرافية. |
| 650 #7 - المدخل الاضافى بالموضوع-مصطلح موضوعى | |
| مصطلح موضوعي أو اسم جغرافي كعنصر مدخل | النثر العربي |
| التقسيم الفرعي العام | تاريخ ونقد. |
| مصدر الرأس أو المصطلح | BUEsh |
| 9 (RLIN) | 30874 |
| 650 #7 - المدخل الاضافى بالموضوع-مصطلح موضوعى | |
| مصطلح موضوعي أو اسم جغرافي كعنصر مدخل | النثر العربي |
| التقسيم الفرعي العام | تاريخ |
| التقسيم الفرعي الزمني | العصر العباسي. |
| مصدر الرأس أو المصطلح | BUEsh |
| 9 (RLIN) | 27110 |
| 650 #7 - المدخل الاضافى بالموضوع-مصطلح موضوعى | |
| مصطلح موضوعي أو اسم جغرافي كعنصر مدخل | النثر العربي |
| التقسيم الفرعي العام | تاريخ |
| التقسيم الفرعي الزمني | العصر الجاهلي. |
| مصدر الرأس أو المصطلح | BUEsh |
| 9 (RLIN) | 30875 |
| 651 ## - المدخل الاضافى بالموضوع - اسم جغرافى | |
| مصدر الرأس أو المصطلح | BUEsh |
| 653 ## - مصطلح تكشيفى غير مقيد | |
| Resource For college | Arabic Literature |
| Arrived date list | December2021 |
| 655 ## - مصطلح تكشيفى-نوع/شكل | |
| التقسيم الفرعي الشكلي | Reading book |
| -- | 34232 |
| 942 ## - عناصر المدخل الإضافي( كوها) | |
| Koha [default] item type | Book - Borrowing |
| سابقة رقم الطلب | 892.783 ض ي ف |
| مصدر التصنيف او مخطط الترفيف | Dewey Decimal Classification |
| حالة التراجع | حالة الفقد | مصدر التصنيف او خطة الترفيف | حالة تلف | ليس للاعارة | مجموعات كوها | المكان الدائم | المكان الحالي | موقع الترفيف | تاريخ الاكتساب | Source of acquisition | رقم الاستدعاء | الباركود | Date last seen | نوع الوعاء |
|---|---|---|---|---|---|---|---|---|---|---|---|---|---|---|
| Dewey Decimal Classification | Central Library | Central Library | Second Floor | 01/11/2007 | 892.783 ض ي ف | 000007095 | 15/07/2025 | Book - Borrowing |